[Event "Las Vegas National op"]
[Site "Las Vegas"]
[Date "2024.06.07"]
[Round "4"]
[White "Carter, Emmanuel"]
[Black "Avagyan, Razmik A"]
[Result "1/2-1/2"]
[WhiteElo "2022"]
[BlackElo "1848"]
[PlyCount "175"]
[EventDate "2024.06.03"]
[EventType "swiss"]
[EventRounds "9"]
[EventCountry "USA"]
[SourceTitle "CBM 220 Extra"]
[Source "ChessBase"]
[SourceDate "2024.07.31"]
[SourceVersion "1"]
[SourceVersionDate "2024.07.31"]
[SourceQuality "1"]

1. d4 Nf6 2. c4 c5 3. d5 b5 4. cxb5 a6 5. bxa6 g6 6. Nc3 Bxa6 7. g3 Bg7 8. Bg2 d6 9. Nf3 0-0 10. 0-0 Nbd7 11. Re1 Qa5 12. Bd2 Rfb8 13. Rb1 Nb6 14. b3 Qa3 15. Bc1 Qb4 16. Bb2 Nbd7 17. Nd2 Ng4 18. Qc2 c4 19. h3 cxb3 20. axb3 Ngf6 21. Rec1 Bh6 22. e3 Bg7 23. Na4 Rc8 24. Bc3 Qb5 25. Qb2 Rab8 26. Bd4 Ne8 27. Rxc8 Rxc8 28. Bxg7 Nxg7 29. Rc1 Rb8 30. Qc2 Ne8 31. Qe4 Ne5 32. Nc3 Qa5 33. Qa4 Qb6 34. Ra1 Nc7 35. Qa5 Nd3 36. Bf1 Nc5 37. Qxb6 Rxb6 38. Bxa6 N7xa6 39. Ra3 f5 40. Kf1 Nb4 41. Ra8+ Kf7 42. Nc4 Rb7 43. Na5 Rc7 44. Nb5 Rd7 45. Nd4 Nxd5 46. b4 Nxb4 47. Nac6 Nxc6 48. Nxc6 Rc7 49. Nd4 e5 50. Nb5 Rd7 51. Ra7 Rxa7 52. Nxa7 Ke6 53. Ke2 Ne4 54. Nc6 Nf6 55. h4 Kd5 56. Nb4+ Kc4 57. Nc6 Kc5 58. Na5 d5 59. Nb7+ Kc4 60. Nd6+ Kc3 61. Nf7 e4 62. Nd6 Kb4 63. Nf7 Kc5 64. Ng5 Kd6 65. Nh3 Ke5 66. Ng5 d4 67. exd4+ Kxd4 68. Ne6+ Kd5 69. Nf4+ Ke5 70. Nh3 Ng4 71. Ng5 h6 72. Nf7+ Ke6 73. Nd8+ Kf6 74. Nc6 g5 75. hxg5+ Kxg5 76. f3 exf3+ 77. Kxf3 h5 78. Kg2 Ne3+ 79. Kf3 Nc4 80. Nb4 Ne5+ 81. Kg2 Kg4 82. Nd5 Nc4 83. Nf6+ Kg5 84. Nd5 Nd6 85. Kf3 Ne4 86. Kg2 Nd2 87. Kf2 Kg4 88. Nf6+ 1/2-1/2